000 00490cam a2200145 4500500
005 20260329015113.0
041 _afre
042 _adc
100 1 0 _aGuidon-Le Brun, Maryvonne
_eauthor
245 0 0 _aReceiving an SDS before the product: checking key information
260 _c2026.
500 _a84
786 0 _nEnvironment | - | 2026-03-09 | p. 44-44
856 4 1 _uhttps://stm.cairn.info/managing-a-classified-facility--bdti22711210-fic0320-page-44?lang=en&redirect-ssocas=7080
999 _c1894585
_d1894585